|
|
|
|
| LEADER |
00000nam a22000007a 4500 |
| 005 |
2020031204024.0 |
| 007 |
cr|||| |||| |
| 008 |
200312s2019 es |||||s|||| 00||0 spa d |
| 020 |
|
|
|a 978-84-9123-825-6
|
| 035 |
|
|
|a 31331
|
| 040 |
|
|
|a vLex
|
| 090 |
|
|
|c 10246
|d 10246
|
| 100 |
1 |
|
|a Miranda Estrampes, Manuel
|
| 245 |
1 |
0 |
|a Prueba ilc̕ita y regla de exclusin̤ en el sistema estadounidense
|h [Recurso electrn̤ico] /
|c Manuel Miranda Estrampes
|
| 256 |
|
|
|a Servicio en ln̕ea
|
| 260 |
|
|
|a Madrid:
|b Marcial Pons,
|c 2019
|
| 300 |
|
|
|a 1 recurso electrn̤ico
|
| 506 |
1 |
|
|a Disponible solo en los productos indicados
|d vLex Global
|d vLex Global (Academic Edition, excluding Law Schools)
|d vLex Global (U.S. Academic Edition, Law Schools)
|d vLex Global (U.S. Academic Edition, excluding Law Schools)
|d vLex Global (Academic Edition, Law Schools)
|
| 650 |
0 |
4 |
|a Procedimiento Penal
|z Espaą
|
| 740 |
0 |
|
|a vLex Libros (Servicio en ln̕ea)
|
| 856 |
4 |
0 |
|u http://vlex.com/source/prueba-ilicita-regla-exclusion-sistema-estadounidense-31331
|z Acceso restringido
|
| 942 |
|
|
|c BOOK
|
| 999 |
0 |
|
|a Penal procedure
|